O orçamento público dos brasileiros : (Record no. 1364)
[ view plain ]
| 000 -LÍDER | |
|---|---|
| Campo Fixo de Controle | 01131nam a2200301 a 4500 |
| 001 - NÚMERO DE CONTROLE | |
| Campo de Controle | 1364 |
| 003 - IDENTIFICAÇÃO DO NÚMERO DE CONTROLE | |
| Campo de Controle | BR-CuiBMT |
| 005 - DATA E HORA DA ÚLTIMA ATUALIZAÇÃO | |
| Campo de Controle | 20231210030542.0 |
| 008 - DADOS FIXOS | |
| Dados Fixos | 231101s2014 rjba 000 0 por d |
| 020 ## - INTERNATIONAL STANDARD BOOK NUMBER | |
| Nº do ISBN | 9788564878198 |
| 040 ## - AGÊNCIA CATALOGADORA | |
| Código da Agência Catalogadora | BR-CuiBMT |
| Agência que transcreveu o registro | BR-CuiBMT |
| 080 ## - Nº DA CLASSIFICAÇÃO DECIMAL UNIVERSAL | |
| Nº Class. CDU | 336.14 |
| Subd. Auxiliar Comum | (81) |
| Nº edição CDU | 2007 |
| 090 ## - NÚMERO DE CHAMADA | |
| Nº classificação | 336.14(81) |
| Cutter | O64 |
| 245 02 - TÍTULO PRINCIPAL | |
| Título principal | O orçamento público dos brasileiros : |
| Subtítulo | por que ele não desperta maior interesse? / |
| Indicação de responsabilidade | Fernando Rezende, Armando Cunha ; organizador Cesar Cunha Campos. |
| 260 ## - PUBLICAÇÃO, DISTRIBUIÇÃO, ETC. | |
| Local de publicação | Rio de Janeiro : |
| Editora | FGV, |
| Data | 2014. |
| 300 ## - DESCRIÇÃO FÍSICA | |
| N. páginas ou volumes | 63 p. : |
| Ilustrações | il. ; |
| Dimensões | 26 cm |
| 490 1# - INDICAÇÃO DE SÉRIE | |
| Título da série | Coleção FGV projetos ; |
| Volume/designação sequencial da série | v. 20 |
| 650 ## - ASSUNTO TÓPICO | |
| Cabeçalho tópico ou nome geográfico | Despesas públicas |
| Subdivisão geral | Previsão |
| 650 ## - ASSUNTO TÓPICO | |
| Cabeçalho tópico ou nome geográfico | Finanças públicas |
| Subdivisão de forma | Legislação |
| Subdivisão geográfica | Brasil |
| 650 ## - ASSUNTO TÓPICO | |
| Cabeçalho tópico ou nome geográfico | Administração pública |
| Subdivisão geográfica | Brasil |
| 650 ## - ASSUNTO TÓPICO | |
| Cabeçalho tópico ou nome geográfico | Orçamento público |
| Subdivisão geográfica | Brasil |
| 700 1# - ENTRADA SECUNDÁRIA -- NOME PESSOAL | |
| Nome pessoal | Campos, Cesar Cunha |
| Termo de relação | org. |
| 700 1# - ENTRADA SECUNDÁRIA -- NOME PESSOAL | |
| Nome pessoal | Cunha, Armando |
| Termo de relação | autor |
| 700 1# - ENTRADA SECUNDÁRIA -- NOME PESSOAL | |
| Nome pessoal | Rezende, Fernando |
| Termo de relação | autor |
| 830 #0 - ENTRADA SECUNDÁRIA DE SÉRIE -- TÍTULO UNIFORME | |
| Título uniforme | FGV projetos ; |
| Nº do volume/designação sequencial da série | 20 |
| 856 4# - LOCALIZAÇÃO E ACESSO ELETRÔNICO | |
| Endereço eletrônico (URI) | <a href="https://fgvprojetos.fgv.br/sites/fgvprojetos.fgv.br/files/orcamento_dos_brasileiros.pdf">https://fgvprojetos.fgv.br/sites/fgvprojetos.fgv.br/files/orcamento_dos_brasileiros.pdf</a> |
| Texto do link | Disponível também online. |
| Localização e acesso eletrônico | 09/12/2023 |
| 942 ## - ELEMENTOS DE ENTRADA ADICIONAIS (KOHA) | |
| Fonte de classificação ou esquema de arquivamento | Classificação Decimal Universal |
| Tipo de item do Koha | Livros |
| Estado: removido | Estado: perdido | Fonte de classificação ou esquema de arquivamento | Estado: danificado | Indisponível para empréstimo | Localização permanente | Localização atual | Data de aquisição | Total Checkouts | Número de Chamada completo | Código de barras | Date last seen | Número do exemplar | Preço efetivo a partir de | Tipo de item (Koha) |
|---|---|---|---|---|---|---|---|---|---|---|---|---|---|---|
| Classificação Decimal Universal | Biblioteca da Escola Superior de Contas do TCE/MT | Biblioteca da Escola Superior de Contas do TCE/MT | 05/12/2023 | 336.14(81) R467o | BIBTCEMT23120244 | 05/12/2023 | Ex. 1 | 05/12/2023 | Livros |